|
|
|
|
| LEADER |
00000nam0a2200000 4500 |
| 001 |
314148 |
| 005 |
20231102002640.0 |
| 035 |
|
|
|a (RuTPU)RU\TPU\book\339559
|
| 090 |
|
|
|a 314148
|
| 100 |
|
|
|a 20160209d1965 m y0rusy50 ca
|
| 101 |
0 |
|
|a rus
|
| 102 |
|
|
|a RU
|
| 105 |
|
|
|a a j 001zy
|
| 200 |
1 |
|
|a Учебное пособие по курсу "Импульсная техника"
|e учебное пособие
|f В. Г. Кутвинов
|
| 210 |
|
|
|a Москва
|c Изд-во ВЗЭИ
|d 1965
|
| 215 |
|
|
|a 405 с.
|c схемы
|
| 320 |
|
|
|a Библиогр.: с. 402-403
|
| 606 |
1 |
|
|a Импульсная техника
|2 stltpush
|3 (RuTPU)RU\TPU\subj\12426
|9 39207
|
| 610 |
1 |
|
|a учебные пособия
|
| 610 |
1 |
|
|a импульсные сигналы
|
| 610 |
1 |
|
|a импульсные усилители
|
| 610 |
1 |
|
|a преобразование
|
| 610 |
1 |
|
|a преобразование
|
| 610 |
1 |
|
|a импульсные измерения
|
| 610 |
1 |
|
|a синхроскопы
|
| 610 |
1 |
|
|a вольтметры
|
| 675 |
|
|
|a 621.374(075.8)
|v 4
|
| 700 |
|
1 |
|a Кутвинов
|b В. Г.
|
| 712 |
0 |
2 |
|a Всесоюзный заочный энергетический институт (ВЗЭИ)
|b Факультет усовершенствования дипломированных инженеров
|c (Москва)
|c (1947-1967)
|2 stltpush
|3 (RuTPU)RU\TPU\col\14362
|
| 801 |
|
1 |
|a RU
|b 63413507
|c 20160209
|
| 801 |
|
2 |
|a RU
|b 63413507
|c 20171024
|g RCR
|
| 942 |
|
|
|c BK
|